MARC details
| 000 -CABECERA |
| campo de control de longitud fija |
01033nam a2200289 a 4500 |
| 001 - NÚMERO DE CONTROL |
| campo de control |
000011691 |
| 005 - FECHA Y HORA DE LA ÚLTIMA TRANSACCIÓN |
| campo de control |
20200929162529.0 |
| 008 - DATOS DE LONGITUD FIJA--INFORMACIÓN GENERAL |
| campo de control de longitud fija |
091023s1999 dr 001 0 spa d |
| 020 ## - NÚMERO INTERNACIONAL ESTÁNDAR DEL LIBRO |
| Número Internacional Estándar del Libro |
8489163758 |
| 040 ## - FUENTE DE LA CATALOGACIÓN |
| Centro catalogador/agencia de origen |
DO-SdBNP |
| Lengua de catalogación |
spa |
| Centro/agencia transcriptor |
BNPHU |
| 041 17 - CÓDIGO DE LENGUA |
| Código de lengua del texto/banda sonora o título independiente |
spa |
| Código de lengua original |
ita |
| Fuente del código |
Código de idioma MARC |
| 082 ## - NÚMERO DE LA CLASIFICACIÓN DECIMAL DEWEY |
| Número de clasificación |
873.1 |
| Número de documento/Ítem |
M354e |
| 049 ## - FONDOS LOCALES (OCLC) |
| Fondos de biblioteca |
BNGR |
| 100 1# - ENTRADA PRINCIPAL--NOMBRE DE PERSONA |
| Nombre de persona |
Marón, Publio Virgilio, |
| Fechas asociadas al nombre |
70 a. C. - 19 a. C. |
| 9 (RLIN) |
27714 |
| 240 10 - TÍTULO UNIFORME |
| Título uniforme |
Aeneis |
| Lenguaje de la obra |
español |
| 245 10 - MENCIÓN DE TÍTULO |
| Título |
Eneida / |
| Mención de responsabilidad, etc. |
Publio Virgilio Marón ; traducción, Eugenio de Ochoa. |
| 260 ## - PUBLICACIÓN, DISTRIBUCIÓN, ETC. |
| Lugar de publicación, distribución, etc. |
Madrid : |
| Nombre del editor, distribuidor, etc. |
Jorge A. Mestas, |
| Fecha de publicación, distribución, etc. |
1999. |
| 300 ## - DESCRIPCIÓN FÍSICA |
| Extensión |
314, [4] p. ; |
| Dimensiones |
19 cm. |
| 490 1# - MENCIÓN DE SERIE |
| Mención de serie |
Clásicos Universales |
| Designación de volumen o secuencia |
40 |
| Mención de serie |
Edición Íntegra |
| 500 ## - NOTA GENERAL |
| Nota general |
Incluye índice de nombres |
| 500 ## - NOTA GENERAL |
| Nota general |
Incluye los demás títulos de la colección |
| 534 ## - NOTA SOBRE LA VERSIÓN ORIGINAL |
| Frase introductoria |
Título original en italiano: |
| Mención de título del original |
Aeneis |
| 650 #4 - PUNTO DE ACCESO ADICIONAL DE MATERIA--TÉRMINO DE MATERIA |
| Término de materia o nombre geográfico como elemento de entrada |
Poesía épica latina |
| 9 (RLIN) |
27715 |
| 650 #4 - PUNTO DE ACCESO ADICIONAL DE MATERIA--TÉRMINO DE MATERIA |
| Término de materia o nombre geográfico como elemento de entrada |
Literatura italiana |
| Subdivisión cronológica |
ANTERIOR A 1400 |
| 9 (RLIN) |
13826 |
| 700 1# - PUNTO DE ACCESO ADICIONAL--NOMBRE DE PERSONA |
| Nombre de persona |
Ochoa, Eugenio de, |
| Término indicativo de función/relación |
tr. |
| 9 (RLIN) |
27716 |
| 830 #0 - PUNTO DE ACCESO ADICIONAL DE SERIE-TÍTULO UNIFORME |
| Título uniforme |
Clásicos Universales |
| Designación de volumen o secuencia |
40 |
| Nombre de parte o sección de la obra |
Edición Íntegra |
| 9 (RLIN) |
16679 |